000 00840nam0a22002531 4500
001 rc\2775986
005 20250806204754.0
035 _a(NLR Aleph) 006902276
090 _a31583
_c31583
100 _a20110915d1941 u y0rusy50 ca
101 0 _arus
102 _aRU
105 _ay z |||||
200 1 _aНаставление по ремонту авиационных манометров
_fМанометр
210 _a[Москва]
_cМашгиз
_d1941
_eЛенинград
215 _a24 с., без тит. л.
_d17 см.
712 0 2 _a"Манометр", завод
_cМосква
_3RU\NLR\AUTH\8810053715
801 0 _aRU
_bNLR
_gpsbo
801 1 _aRU
_bELAR
_2rusmarc
852 _aNLR
_jТ92 Г-2/13
942 _cBOOK
945 _aРоссийская национальная библиотека
980 _aNB
980 _aBV